| 000 | 02662nam a22003737a 4500 | ||
|---|---|---|---|
| 999 |
_c21853 _d21853 |
||
| 003 | AR-CdUCM | ||
| 008 | 190425b ||||| |||| 00| 0 spa d | ||
| 040 |
_aMUNICIPALIDAD PROVINCIAL DEL CUSCO _cBIBLIOTECA MUNICIPAL DEL CUSCO |
||
| 082 | _aRev.Andi/N°39/2004 | ||
| 110 |
_aCentro Bartolomé de Las Casas _93293 |
||
| 245 |
_aRevista andina / _cCentro de estudios rurales andinos Bartolomé de Las Casas Cusco |
||
| 260 |
_aCusco : _bCentro Bartolomé de Las Casas, _c2004. |
||
| 300 |
_a301 páginas. : _c23 cm. |
||
| 440 |
_aPublicación Semestral del Centro Bartolomé de Las Casas Cusco. _nNúmero 39, Segundo semestre 2004. _946459 |
||
| 500 | _aEl redescubrimiento de Llactapata, antiguo observatorio de Machu Picchu | ||
| 505 | _aContenido: El observatorio de Machu Picchu redescubrimiento de Llactapata y su templo solar. J. McKim Malville, Hugh Thomson, Gary Ziegler. -- El wasichakuy de Marcapata. Ensayo de interpretación de una “costumbre” andina. Pablo Federico Sendón. -- Asambleas, negociaciones y autoridades locales en las tradiciones orales del Manuscrito de Huarochirí. Gabriela Sternfeld. -- Migraciones en los Andes Meridionales. El caso de los atacameños en Santa María durante la segunda mitad del siglo XVIII. Lorena B. Rodríguez. -- Una relación contradictoria: élites y control social en Lima durante los inicios de la república. Pablo Whipple Morán. -- Entre intereses estatales y estrategias de control: el paisaje como aproximación teórico-metodológica. Silvina A. Vigliani. -- El impacto de la colonización inka en la vida social de las comunidades del valle Calchaquí norte. Acuto, Aranda, Jacob, Luna, Sprovieri. -- ¿Reyes o indios? Cabildos, repúblicas y autonomía en el Perú y México coloniales 1770-1812. Claudia Guarisco. -- El lenguaje como parodia: instancias del uso particular del quechua de Guaman Poma y de Pachacuti Yamqui. Sabine Dedenbach-Salazar Sáenz. -- La arquitectura ritual durante el período medio del noroeste argentino prehispánico. Inés Gordillo. | ||
| 650 |
_aMachupicchu _91751 |
||
| 650 |
_aCultura andina _946460 |
||
| 650 |
_aMigracion _97472 |
||
| 650 |
_aInkas _91899 |
||
| 650 |
_aArquitectura inka _945226 |
||
| 650 |
_aElites _946461 |
||
| 700 |
_aMalville, McKim _946462 |
||
| 700 |
_aSendón, Pablo Federico _946463 |
||
| 700 |
_aSternfeld, Gabriela _946464 |
||
| 700 |
_aRodríguez, Lorena _946465 |
||
| 700 |
_aWhipple Morán, Pablo _946466 |
||
| 700 |
_aVigliani, Silvina _946467 |
||
| 700 |
_aAranda, Acuto _946468 |
||
| 700 |
_aSalazar Sáenz, Sabine Dedenbach _946469 |
||
| 700 |
_aGordillo, Inés _946470 |
||
| 942 |
_2ddc _cPP |
||
| 945 | _arac | ||